Score 0/15 Timer 01:30
3 Plays Today
Hint Answer % Correct
Heat water to 100°CBOIL
96.9%
Aluminum food coveringFOIL
96.5%
Dirt for plantingSOIL
96.5%
Round sports objectBALL
95.5%
Remove water from a boatBAIL
92.5%
Wind a ropeCOIL
91.8%
Ship's canvasSAIL
91.1%
Young horseFOAL
90.8%
Hint Answer % Correct
Mined fossil fuelCOAL
90.7%
Head's locksHAIR
89.7%
Secluded hideoutLAIR
86.5%
BanisterRAIL
86%
Placed down on a surfaceLAID
83.6%
Head without [first rung]BALD
81.4%
PillageRAID
79.1%

Today's Daily Dose

Remove Ads.
Support Sporcle.
Get the best of Sporcle when you Go Orange. This ad-free experience offers more features, more stats, and more fun while also helping to support Sporcle. Thank you for becoming a member.

You're not logged in!

Compare scores with friends on all Sporcle quizzes.
OR
Log In

Show Comments

Extras

Top Quizzes Today


Score Distribution

Your Account Isn't Verified!

In order to create a playlist on Sporcle, you need to verify the email address you used during registration. Go to your Sporcle Settings to finish the process.

Report this User

Report this user for behavior that violates our Community Guidelines.

Details: